000 00486nam a22001577a 4500
999 _c4638
_d4638
008 200817b ||||| |||| 00| 0 eng d
041 0 _aeng
082 0 0 _a333.750954
_bM712
110 _91726
_aMinistry of information and Broad Casting, India.
245 1 0 _a India's forests /
_cby Ministry of information and Broad Casting
260 _aDelhi :
_bMinistry of information and Broad Casting,
_c1957.
300 _a32 p.
365 _d1.50
650 0 _aForests and Forestry
942 _cBK